000 00416nam a22001697a 4500
999 _c3322
_d3321
005 20210927142341.0
008 160620b xxu||||| |||| 00| 0 eng d
020 _a81-259-1603-0
041 _aeng
082 _b8604
_a346.07
100 _aKuchhal M.C
_94361
245 _aMercentile Law
260 _aNew Delhi
_bVikas Publishing House (P) Ltd.
_c2008
300 _a598
650 _aManagement
_9241
942 _cBK